000 004120000a22001090004500
090 _aAS
_bSeriadas
245 1 0 _aPreliminary list of plants collected at the Centro de Investigaciones Primatológicas La Macarena -CIPM, Tinigua National Park, Colombia
041 0 _aInglés
100 1 _aBarbosa, César
_995188
942 _cARTICULO
773 1 _tField Studies of Fauna and Flora La Macarena, Colombia
_q25-41
_d1992
_g6
999 _c16010
_d16010